000 04068cam a22012974i 4500
003 PE-LiUPU
005 20250813185615.0
008 150706s r 000 0 d
020 _a9786124567513
035 _a(Sirsi) i9786124567513
040 _aPE-LiUPU
_bspa
_cPE-LiUPU
_erda
049 _aPRUA
082 0 4 _a333.7316
_bA
_221
100 1 _aEspinoza Reyes, Ricardo,
_eautor.
245 0 0 _aÁreas naturales protegidas: Perú :
_bguía oficial /
_cRicardo Espinoza Reyes, editor.
264 1 _aLima :
_bServicio Nacional de Áreas Naturales Protegidas por el Estado,
_c2010 (SERNANP-PROFONANPE).
300 _a343 páginas :
_bilustraciones color ;
_ccc centímetros
336 _atext
_2rdacontent
337 _aunmediated
_2rdamedia
338 _avolume
_2rdacarrier
500 _aIncluye mapa de Guía Oficial de Áreas Naturales rotegidas del Perú.
505 0 _aCosta Norte -- Costa Centro -- Sierra Sur -- Sierra Norte -- Sierra Su -- Selva Norte -- Selva Centro -- Selva Sur -- Áreas de conservación.
526 _aP202
526 _aP201
526 _aP163
526 _aP162
526 _aP161
526 _aP160
526 _aP148
526 _aP147
526 _aP146
526 _aP145
526 _aP144
526 _aP143
526 _aP142
526 _aP141
526 _aP140
526 _aP139
526 _aP138
526 _aP137
526 _aP136
526 _aP135
526 _aP134
526 _aP133
526 _aP129
526 _aP128
526 _aP127
526 _aP120
526 _aP119
526 _aP118
526 _aP116
526 _aP115
526 _aP114
526 _aP110
526 _aP109
526 _aP108
526 _aP104
526 _aP103
526 _aP102
526 _aP99
526 _aP98
526 _aP97
526 _aP96
526 _aP95
526 _aP93
526 _aP90
526 _aP89
526 _aP88
526 _aP83
526 _aP82
526 _aP62
526 _aP59
526 _aP58
526 _aP57
526 _aP51
526 _aP49
526 _aP48
526 _aP47
526 _aP29
526 _aP24
526 _aP20
526 _aP19
526 _aP17
526 _aP15
526 _aP14
526 _aP12
526 _aP10
526 _aP09
526 _aP08
526 _aP07
526 _aP06
526 _aP05
526 _aP04
526 _aP01
541 _g001-0036246;
650 1 4 _aÁreas naturales
_zPerú.
650 1 4 _aAreas protegidas
_zPerú.
650 2 4 _aParques nacionales y reservas
_zPerú.
700 1 _aEspinosa Reyes, Ricardo,
_eed.
910 _agl
_bjv
_cng
_d20121018
942 _2ddc
_cBOOK
949 _aRC 333.7316 A
_wDEWEY
_c1
_i62950
_lCCODEBUL1
_mBUL
_p11.00
_r0
_sY
_tBOOK
_u2015-7-6
_xINGENIERIA
_PP06
_0COMPRA
_o.CIRCNOTE. No olvidar cambiar la fecha de devolución!!!!!!!
_o.STAFF. Colección General
949 _a333.7316 E87 2010
_wDEWEY
_c1
_iFJ4056
_lCCODEBUJ1
_mBUJ
_p12.00
_r0
_sY
_tBOOK
_u2016-11-11
_xEDUCACIÓN
_PP14
_o.STAFF -- Colección General Juliaca
949 _a333.7316 E87 2010
_wDEWEY
_c2
_iFJ4057
_lCCODEBUJ1
_mBUJ
_p12.00
_r0
_sY
_tBOOK
_u2016-11-11
_xEDUCACIÓN
_PP14
_o.STAFF -- Colección General Juliaca
994 _aC0
_bPEPRU
596 _a1 3
999 _a333.7316 A
_wDEWEY
_c54093
_i65653
_d54093
_e2015-11-22
_f2021-11-9
_g7
_lCCODEBUL1
_mBUL
_n1
_p12.00
_q1
_r0
_sY
_tBOOK
_u2015-7-6
_xINGENIERIA
_PP24
_0COMPRA
_o.STAFF. Colección General
999 _a333.7316 E87 2010
_wDEWEY
_c1
_iFJ04056
_d2019-5-24
_f2022-1-18
_g4
_lCCODEBUJ1
_mBUJ
_p12.00
_q2
_r0
_sY
_tBOOK
_u2016-11-11
_xINGENIERIA
_PP24
_0COMPRA
_o.STAFF. Colección General Juliaca
999 _a333.7316 E87 2010
_wDEWEY
_c2
_iFJ04057
_d2017-3-15
_e2017-3-14
_f2022-1-18
_g4
_lCCODEBUJ1
_mBUJ
_n1
_p12.00
_r0
_sY
_tBOOK
_u2016-11-11
_xINGENIERIA
_PP24
_0COMPRA
_o.STAFF. Colección General Juliaca
980 _81
_gALBERTO SANCHEZ Responsable de Automatización